Z minulosti Spiša ročenka Spišského dejepisného spolku v Levoči
| Other Authors: | , , , |
|---|---|
| Format: | Serial |
| Language: | Slovak German |
| PhysicalDescription: | zv. fotogr., tab. 21 cm |
| Published: |
Levoča
Spišský dejepisný spolok
1993-
|
| ISBN: | 8096696408 (brož. : roč. I/1993) 8096696416 (brož. : roč. II/1994) 8096696432 (brož. : roč. III-IV/1995/1996) 8096696459 (brož. : roč. V-VI/1997/1998) 8096696467 (brož. : roč. VII-VIII/1999/2000) 8096696475 (brož. : roč. IX-X/2001/2002) 8096696483 (brož. : roč. XI/2003) 8096696491 (brož. : roč. XII/2004) 8096945602 (brož. : roč. XIII/2005) 9788096945610 (brož. : roč. XIV/2006) 9788096945627 (brož. : roč. XV/2007) 9788096945634 (brož. : roč. XVI/2008) 9788096945641 (brož. : roč. XVII/2009) 9788096945658 (brož. : roč. XVIII/2010) 9788096945665 (brož. : roč. XIX/2011) 9788096945689 (brož. : roč. XX/2012) 9788097155308 (brož. : roč. XXI/2013) 9788097155315 (brož. : roč. XXII/2014) 9788097155322 (brož. : roč. XXIII/2015) 9788097155339 (brož. : roč. XXIV/2016) 9788097155346 (brož. : roč. XXV/2017) 9788097155353 (brož. : roč. XXVI/2018) 9788097155360 (brož. : roč. XXVII/2019) 9788097155377 (brož. : roč. XXVIII/2020) 9788097155384 (brož. : roč. XXIX/2021) 9788097155391 (brož. : roč. XXX/2022) 9788097487508 (brož. : roč. XXXI/2023) 9788097487515 (brož. : roč. XXXII/2024) |
| Subjects: |
MARC
| LEADER | 00000cas a2200000 a 4500 | ||
|---|---|---|---|
| 001 | vtls001483559 | ||
| 005 | 20260311145254.0 | ||
| 008 | 041014c19939999xo ar ho 0 0b0slo | ||
| 015 | |a SNBA1994/03 (r. 1993) |a SNBA1995/04 (r. 1994) |a SNBA1999/06-02016 (1998) |a SNBA2000/09-03102 (r. 1999) |a SNBA2004/04-01256 (r. 2001) |a SNBA2004/04-01566 (r. 2002) |a SNB2005/02-00348 (r. 2003) |a SNB2005/02-00349 (r. 2004) |a SNB2006/04-01078 (r. 2005) |a SNB2007/03-00753 (r. 2006) |a SNB2008/03-01080 (r. 2007) |a SNB2009/03-01064 (r. 2008) |a SNB2010/02-01362 (r. 2009) |a SNB2011/04-02969 (r. 2010) |a SNB2012/04-01210 (r. 2011) |a SNB2013-(r. 2012) |a SNB2014-(r. 2013) |a SNB2015-(r. 2014) |a SNB2016-(r. 2015) |a SNB2018-(r. 2016, r. 2017) | ||
| 015 | |a SNB2018-(r. 2017) |a SNB2019-(r. 2018) |a SNB2020-(r. 2019) |a SNB2021-(r. 2020) |a SNB2022-(r. 2021) |a SNB2023-(r. 2022) |a SNB2024-(r. 2023) |a SNB2026-(r. 2024) | ||
| 020 | |a 8096696408 (brož. : roč. I/1993) | ||
| 020 | |a 8096696416 (brož. : roč. II/1994) | ||
| 020 | |a 8096696432 (brož. : roč. III-IV/1995/1996) | ||
| 020 | |a 8096696459 (brož. : roč. V-VI/1997/1998) | ||
| 020 | |a 8096696467 (brož. : roč. VII-VIII/1999/2000) | ||
| 020 | |a 8096696475 (brož. : roč. IX-X/2001/2002) | ||
| 020 | |a 8096696483 (brož. : roč. XI/2003) | ||
| 020 | |a 8096696491 (brož. : roč. XII/2004) | ||
| 020 | |a 8096945602 (brož. : roč. XIII/2005) | ||
| 020 | |a 9788096945610 (brož. : roč. XIV/2006) | ||
| 020 | |a 9788096945627 (brož. : roč. XV/2007) | ||
| 020 | |a 9788096945634 (brož. : roč. XVI/2008) | ||
| 020 | |a 9788096945641 (brož. : roč. XVII/2009) | ||
| 020 | |a 9788096945658 (brož. : roč. XVIII/2010) | ||
| 020 | |a 9788096945665 (brož. : roč. XIX/2011) | ||
| 020 | |a 9788096945689 (brož. : roč. XX/2012) | ||
| 020 | |a 9788097155308 (brož. : roč. XXI/2013) | ||
| 020 | |a 9788097155315 (brož. : roč. XXII/2014) | ||
| 020 | |a 9788097155322 (brož. : roč. XXIII/2015) | ||
| 020 | |a 9788097155339 (brož. : roč. XXIV/2016) | ||
| 020 | |a 9788097155346 (brož. : roč. XXV/2017) | ||
| 020 | |a 9788097155353 (brož. : roč. XXVI/2018) | ||
| 020 | |a 9788097155360 (brož. : roč. XXVII/2019) | ||
| 020 | |a 9788097155377 (brož. : roč. XXVIII/2020) | ||
| 020 | |a 9788097155384 (brož. : roč. XXIX/2021) | ||
| 020 | |a 9788097155391 (brož. : roč. XXX/2022) | ||
| 020 | |a 9788097487508 (brož. : roč. XXXI/2023) | ||
| 020 | |a 9788097487515 (brož. : roč. XXXII/2024) | ||
| 035 | |a SNK000438853 | ||
| 035 | |a (SVKBBclas03)vtls000286133 | ||
| 040 | |a SNK |b slo |c SNK |d SAVUK |d SVKBB |e AACR2 | ||
| 041 | 0 | |a slo |a ger |b ger |b slo | |
| 043 | |a e-xo--- | ||
| 044 | |a xo |c SK | ||
| 072 | 7 | |a 94(437.6) |x Dejiny Slovenska |2 konspekt | |
| 080 | |a (437.6) |2 2011 | ||
| 080 | |a (058) |2 2011 | ||
| 080 | |a 93/94-027.541 |2 2011 | ||
| 080 | |a 050 |2 2011 | ||
| 080 | |a 902 |2 2011 | ||
| 080 | |a 39 |2 2011 | ||
| 245 | 0 | 0 | |a Z minulosti Spiša |b ročenka Spišského dejepisného spolku v Levoči |
| 260 | |a Levoča |b Spišský dejepisný spolok |c 1993- | ||
| 300 | |a zv. |b fotogr., tab. |c 21 cm | ||
| 310 | |a 1x ročne | ||
| 362 | 0 | |a Roč. I (1993)- | |
| 500 | |a Zostavil: I (1993)-VII-VIII (1999/2000), Ivan Chalupecký ; IX-X (2001/2002), František Zifčák ; XI (2003)-XXIV (2016), Ivan Chalupecký ; XXV (2017), XXVII (2019)-XXX (2022), Marián Soják a František Žifčák ; XXVI (2018), František Žifčák ; XXXI (2023)-XXXII (2024), Vladimír Olejník, Marián Soják | ||
| 500 | |a Roč. XIV/2006: venované 750. jubileu mesta Poprad | ||
| 500 | |a Roč. XV/2007: venované mestu Spišské Vlachy a spišskému rodu Csáky | ||
| 500 | |a Roč. XVI/2008: venované 740. jubileu mesta Spišská Nová Ves | ||
| 500 | |a Obsahuje recenzie a bibliografiu - výber literatúry o Spiši | ||
| 500 | |a Roč. IX.-X./2001-2002: Spiš v 10.-20. storočí, zborník príspevkov k dejinám Spiša venovaných životnému jubileu doc. PhDr. Ivana Chalupeckého | ||
| 500 | |a Roč. XXVIII/2020: venované pamiatke Dr.h.c. doc. PhDr. Ivana Chalupeckého | ||
| 500 | |a Roč. XXX/2022: venované pamiatke Mgr. Petra Zmátla, PhD. | ||
| 500 | |a Roč. XXXI/2023: venované pamiatke doc. PhDr. Jozefa Sulačeka, CSc. | ||
| 504 | |a Bibliogr. odkazy ; pozn. | ||
| 546 | |a Čiast. text aj nem. ; res. v nemčine alebo v slovenčine | ||
| 610 | 2 | 7 | |a Spišský dejepisný spolok (Levoča, Slovensko) |2 SNKKA |
| 650 | 0 | 7 | |a regionálne dejiny |2 SNKPH |9 63645 |
| 650 | 0 | 7 | |a archeológia |2 SNKPH |9 4974 |
| 650 | 0 | 7 | |a Regional history |2 SNKPHeng |9 266493 |
| 650 | 0 | 7 | |a Archaeology |2 SNKPHeng |9 265389 |
| 650 | 0 | 7 | |a etnografia |2 SNKPH |9 950 |
| 650 | 0 | 7 | |a Ethnography |2 SNKPHeng |9 265262 |
| 651 | 7 | |a Spiš (Slovensko : región) |2 SNKPHgeo |9 17692 | |
| 651 | 7 | |a Spiš (Slovakia : region) |2 SNKPHeng |9 172605 | |
| 655 | 7 | |a ročenky |2 SNKPH |9 57146 | |
| 655 | 7 | |a Yearbooks |2 SNKPHeng |9 120938 | |
| 700 | 1 | |a Chalupecký, Ivan, |d 1932-2020 |4 com |9 199754 | |
| 700 | 1 | |a Žifčák, František, |d 1951- |4 com |9 235507 | |
| 700 | 1 | |a Soják, Marián, |d 1970- |4 com |9 102637 | |
| 700 | 1 | |a Olejník, Vladimír, |d 1976- |4 com |9 125750 | |
| 916 | |a 1993-2018, 2019, 2020 | ||
| 919 | |a 80-966964-0-8 | ||
| 919 | |a 80-966964-1-6 | ||
| 919 | |a 80-966964-3-2 | ||
| 919 | |a 80-966964-5-9 | ||
| 919 | |a 80-966964-6-7 | ||
| 919 | |a 80-966964-7-5 | ||
| 919 | |a 80-966964-8-3 | ||
| 919 | |a 80-966964-9-1 | ||
| 919 | |a 80-969456-0-2 | ||
| 919 | |a 978-80-969456-1-0 | ||
| 919 | |a 978-80-969456-2-7 | ||
| 919 | |a 978-80-969456-3-4 | ||
| 919 | |a 978-80-969456-4-1 | ||
| 919 | |a 978-80-969456-5-8 | ||
| 919 | |a 978-80-969456-6-5 | ||
| 919 | |a 978-80-969456-8-9 | ||
| 919 | |a 978-80-971553-0-8 | ||
| 919 | |a 978-80-971553-1-5 | ||
| 919 | |a 978-80-971553-2-2 | ||
| 919 | |a 978-80-971553-3-9 | ||
| 919 | |a 978-80-971553-4-6 | ||
| 919 | |a 978-80-971553-5-3 | ||
| 919 | |a 978-80-971553-6-0 | ||
| 919 | |a 978-80-971553-7-7 | ||
| 919 | |a 978-80-971553-8-4 | ||
| 919 | |a 978-80-971553-9-1 | ||
| 919 | |a 978-80-974875-0-8 | ||
| 919 | |a 978-80-974875-1-5 | ||
| 958 | |a NB | ||
| 999 | |c 3633 |d 5563 | ||
| 952 | |a SNK |b SNK |y PREZ |7 0 |p 17A1145356 |o snkČSD 1907/22/2014 |i snk2015/24412 |8 0 |f 1 |0 0 |1 0 |4 0 |d 2015-08-13 |l 0 |r 2026-02-21 19:30:46 |w 2026-02-21 | ||
| 952 | |a SNK |b SNK |y PREZ |7 0 |p 17A1142595 |o snkČSD 1907/22/2014 D1 |i snk2015/24413 |8 0 |0 0 |1 0 |4 0 |d 2015-08-13 |l 0 |r 2026-02-21 19:30:46 |w 2026-02-21 | ||
| 952 | |a SNK |b SNK |y PREZ |7 0 |p 17A0635984 |o snkČSD 1907/17/2009 |i snk2010/11466 |8 0 |f 1 |0 0 |1 0 |4 0 |d 2010-05-28 |l 0 |r 2026-02-21 19:32:32 |w 2026-02-21 | ||
| 952 | |a SNK |b SNK |y PREZ |7 0 |p 17A0635985 |o snkČSD 1907/17/2009 D1 |i snk2010/11468 |8 0 |0 0 |1 0 |4 0 |d 2010-05-28 |l 0 |r 2026-02-21 19:32:33 |w 2026-02-21 | ||
| 952 | |a SNK |b SNK |y PREZ |7 0 |p 17A0244321 |o snkČSD 1907/5-6/1997-1998 |i snkKSP 6624/2000 |z Vydané v r. 1999 |f 1 |0 0 |1 0 |4 0 |d 2000-06-30 |l 0 |r 2005-01-02 00:00:00 |w 2026-02-21 | ||
| 952 | |a SNK |b SNK |y PREZ |7 0 |p 17A0244322 |o snkČSD 1907/5-6/1997-1998 D1 |i snkKSP 6625/2000 |0 0 |1 0 |4 0 |d 2000-06-30 |l 0 |r 2005-01-02 00:00:00 |w 2026-02-21 | ||
| 952 | |a SNK |b SNK |y PREZ |7 0 |p 17A1524580 |o snkČSD 1907/31/2023 |i snk2024/15862 |8 0 |z Venované pamiatke doc. PhDr. Jozefa Sulačeka, CSc. |0 0 |1 0 |4 0 |d 2024-10-15 |l 0 |r 2026-02-21 19:50:56 |w 2026-02-21 | ||
| 952 | |a SNK |b SNK |y PREZ |7 0 |p 17A1524581 |o snkČSD 1907/31/2023 D1 |i snk2024/15863 |8 0 |z Venované pamiatke doc. PhDr. Jozefa Sulačeka, CSc. |0 0 |1 0 |4 0 |d 2024-10-15 |l 0 |r 2026-02-21 19:50:57 |w 2026-02-21 | ||
| 952 | |a SNK |b SNK |y PREZ |7 0 |p 17A0502061 |o snkČSD 1907/13/2005 |i snk2006/8421 |8 0 |f 1 |0 0 |1 0 |4 0 |d 2006-04-25 |l 0 |r 2026-02-21 19:52:00 |w 2026-02-21 | ||
| 952 | |a SNK |b SNK |y PREZ |7 0 |p 17A0502062 |o snkČSD 1907/13/2005 D1 |i snk2006/8422 |8 0 |0 0 |1 0 |4 0 |d 2006-04-25 |l 0 |r 2026-02-21 19:52:00 |w 2026-02-21 | ||
| 952 | |a SNK |b SNK |y PREZ |7 0 |p 17A1520862 |o snkČSD 1907/30/2022 |i snk2023/12338 |8 0 |z Venované pamiatke Mgr. Petra Zmátla, PhD. |0 0 |1 0 |4 0 |d 2023-08-21 |l 0 |r 2026-02-21 19:52:30 |w 2026-02-21 | ||
| 952 | |a SNK |b SNK |y PREZ |7 0 |p 17A1520863 |o snkČSD 1907/30/2022 D1 |i snk2023/12341 |8 0 |z Venované pamiatke Mgr. Petra Zmátla, PhD. |0 0 |1 0 |4 0 |d 2023-08-21 |l 0 |r 2026-02-21 19:52:30 |w 2026-02-21 | ||
| 952 | |a SNK |b SNK |y PREZ |7 0 |p 17A1460971 |o snkČSD 1907/28/2020 |i snk2021/15965 |8 0 |z Venované pamiatke Dr.h.c. doc. PhDr. Ivana Chalupeckého |f 1 |0 0 |1 0 |4 0 |d 2021-10-18 |l 0 |r 2026-02-21 20:01:11 |w 2026-02-21 | ||
| 952 | |a SNK |b SNK |y PREZ |7 0 |p 17A1460972 |o snkČSD 1907/28/2020 D1 |i snk2021/15966 |8 0 |z Venované pamiatke Dr.h.c. doc. PhDr. Ivana Chalupeckého |0 0 |1 0 |4 0 |d 2021-10-18 |l 0 |r 2026-02-21 20:01:11 |w 2026-02-21 | ||
| 952 | |a SNK |b SNK |y PREZ |7 0 |p 17A1462414 |o snkČSD 1907/29/2021 |i snk2022/15785 |8 0 |0 0 |1 0 |4 0 |d 2022-10-18 |l 0 |r 2026-02-21 20:12:38 |w 2026-02-21 | ||
| 952 | |a SNK |b SNK |y PREZ |7 0 |p 17A1462415 |o snkČSD 1907/29/2021 D1 |i snk2022/15786 |8 0 |0 0 |1 0 |4 0 |d 2022-10-18 |l 0 |r 2026-02-21 20:12:38 |w 2026-02-21 | ||
| 952 | |a SNK |b SNK |y PREZ |7 0 |p 17A0548364 |o snkČSD 1907/14/2006 |i snk2007/11415 |8 0 |z Venované 750. jubileu mesta Poprad |f 1 |0 0 |1 0 |4 0 |d 2007-04-30 |l 0 |r 2026-02-21 20:14:27 |w 2026-02-21 | ||
| 952 | |a SNK |b SNK |y PREZ |7 0 |p 17A0548365 |o snkČSD 1907/14/2006 D1 |i snk2007/11416 |8 0 |0 0 |1 0 |4 0 |d 2007-04-30 |l 0 |r 2026-02-21 20:14:27 |w 2026-02-21 | ||
| 952 | |a SNK |b SNK |y PREZ |7 0 |p 17A0705316 |o snkČSD 1907/18/2010 |i snk2011/18637 |8 0 |f 1 |0 0 |1 0 |4 0 |d 2011-09-08 |l 0 |r 2026-02-21 20:17:04 |w 2026-02-21 | ||
| 952 | |a SNK |b SNK |y PREZ |7 0 |p 17A0705317 |o snkČSD 1907/18/2010 D1 |i snk2011/18639 |8 0 |0 0 |1 0 |4 0 |d 2011-09-08 |l 0 |r 2026-02-21 20:17:04 |w 2026-02-21 | ||
| 952 | |a SNK |b SNK |y PREZ |7 0 |p 17A0039992 |o snkČSD 1907/1/1993 D1 |0 0 |1 0 |4 0 |d 2001-01-31 |l 0 |r 2004-12-31 00:00:00 |w 2026-02-21 | ||
| 952 | |t P60, <06>, [BOOK], {606} |a SNK |b SNK |y PREZ |7 0 |p 17A0035377 |o snkČSD 1907/2/1994 D1 |0 0 |1 0 |4 0 |d 1997-02-04 |l 0 |r 2004-12-31 00:00:00 |w 2026-02-21 | ||
| 952 | |a SNK |b SNK |y PREZ |7 0 |p 17A0039995 |o snkČSD 1907/2/1994 |i snkKSP 3209/95 |f 1 |0 0 |1 0 |4 0 |d 2001-01-31 |l 0 |r 2004-12-31 00:00:00 |w 2026-02-21 | ||
| 952 | |a SNK |b SNK |y PREZ |7 0 |p 17A1430714 |o snkČSD 1907/27/2019 |i snk2020/15030 |8 0 |f 1 |0 0 |1 0 |4 0 |d 2020-08-25 |l 0 |r 2026-02-21 20:26:52 |w 2026-02-21 | ||
| 952 | |a SNK |b SNK |y PREZ |7 0 |p 17A0866369 |o snkČSD 1907/19/2011 |i snk2012/19074 |8 0 |f 1 |0 0 |1 0 |4 0 |d 2012-09-27 |l 0 |r 2026-02-21 20:40:58 |w 2026-02-21 | ||
| 952 | |a SNK |b SNK |y PREZ |7 0 |p 17A0866370 |o snkČSD 1907/19/2011 D1 |i snk2012/19075 |8 0 |0 0 |1 0 |4 0 |d 2012-09-27 |l 0 |r 2026-02-21 20:40:58 |w 2026-02-21 | ||
| 952 | |a SNK |b SNK |y PREZ |7 0 |p 17A0866747 |o snkČSD 1907/20/2012 |i snk2013/11247 |8 0 |f 1 |0 0 |1 0 |4 0 |d 2013-05-17 |l 0 |r 2026-02-21 20:41:09 |w 2026-02-21 | ||
| 952 | |a SNK |b SNK |y PREZ |7 0 |p 17A0866751 |o snkČSD 1907/20/2012 D1 |i snk2013/11248 |8 0 |0 0 |1 0 |4 0 |d 2013-05-17 |l 0 |r 2026-02-21 20:41:09 |w 2026-02-21 | ||
| 952 | |a SNK |b SNK |y PREZ |7 0 |p 17A0431727 |o snkČSD 1907/11/2003 |i snkPV 1377/2004 |f 1 |0 0 |1 0 |4 0 |d 2004-10-14 |l 0 |r 2005-01-02 00:00:00 |w 2026-02-21 | ||
| 952 | |a SNK |b SNK |y PREZ |7 0 |p 17A0431728 |o snkČSD 1907/11/2003 D1 |i snkPV 1378/2004 |0 0 |1 0 |4 0 |d 2004-10-14 |l 0 |r 2005-01-02 00:00:00 |w 2026-02-21 | ||
| 952 | |a SNK |b SNK |y PREZ |7 0 |p 17A1045840 |o snkČSD 1907/21/2013 |i snk2014/11900 |8 0 |f 1 |0 0 |1 0 |4 0 |d 2014-05-21 |l 0 |r 2026-02-21 21:03:36 |w 2026-02-21 | ||
| 952 | |a SNK |b SNK |y PREZ |7 0 |p 17A1045841 |o snkČSD 1907/21/2013 D1 |i snk2014/11901 |8 0 |0 0 |1 0 |4 0 |d 2014-05-21 |l 0 |r 2026-02-21 21:03:36 |w 2026-02-21 | ||
| 952 | |a SNK |b SNK |y PREZ |7 0 |p 17A0582923 |o snkČSD 1907/15/2007 |i snk2008/10606 |8 0 |z Venované mestu Spišské Vlachy a spišskému rodu Csáky |f 1 |0 0 |1 0 |4 0 |d 2008-05-15 |l 0 |r 2026-02-21 21:12:17 |w 2026-02-21 | ||
| 952 | |a SNK |b SNK |y PREZ |7 0 |p 17A0582924 |o snkČSD 1907/15/2007 D1 |i snk2008/10607 |8 0 |0 0 |1 0 |4 0 |d 2008-05-15 |l 0 |r 2026-02-21 21:12:17 |w 2026-02-21 | ||
| 952 | |a SNK |b SNK |y PREZ |7 0 |p 17A0352278 |o snkČSD 1907/7-8/1999-2000 |i snkKSP 9286/2002 |z Vydané v r. 2001 |f 1 |0 0 |1 0 |4 0 |d 2002-08-05 |l 0 |r 2005-01-02 00:00:00 |w 2026-02-21 | ||
| 952 | |a SNK |b SNK |y PREZ |7 0 |p 17A0352279 |o snkČSD 1907/7-8/1999-2000 D1 |i snkKSP 9287/2002 |0 0 |1 0 |4 0 |d 2002-08-05 |l 0 |r 2005-01-02 00:00:00 |w 2026-02-21 | ||
| 952 | |a SNK |b SNK |y PREZ |7 0 |p 17A0446792 |o snkČSD 1907/12/2004 |i snk2005/6476 |8 0 |f 1 |0 0 |1 0 |4 0 |d 2005-04-19 |l 0 |r 2026-02-21 21:21:18 |w 2026-02-21 | ||
| 952 | |a SNK |b SNK |y PREZ |7 0 |p 17A0446793 |o snkČSD 1907/12/2004 D1 |i snk2005/6477 |8 0 |0 0 |1 0 |4 0 |d 2005-04-19 |l 0 |r 2026-02-21 21:21:18 |w 2026-02-21 | ||
| 952 | |a SNK |b SNK |y PREZ |7 0 |p 17A0193702 |o snkČSD 1907/3-4/1995-1996 |i snkKSP 2451/99 |z Vydané v r. 1998 |f 1 |0 0 |1 0 |4 0 |d 1999-03-10 |l 0 |r 2005-01-02 00:00:00 |w 2026-02-21 | ||
| 952 | |a SNK |b SNK |y PREZ |7 0 |p 17A0183713 |o snkČSD 1907/3-4/1995-1996 D1 |i snkKSP 2452/99 |0 0 |1 0 |4 0 |d 1999-03-10 |l 0 |r 2005-01-02 00:00:00 |w 2026-02-21 | ||
| 952 | |a SNK |b SNK |y PREZ |7 0 |p 17A0374545 |o snkČSD 1907/9-10/2001-2002 |i snkKSP 1808/2003 |z Zborník príspevkov k dejinám Spiša venovaných životnému jubileu doc. PhDr. Ivana Chalupeckého ; vydané v r. 2002 |f 1 |0 0 |1 0 |4 0 |d 2003-02-10 |l 0 |r 2005-01-02 00:00:00 |w 2026-02-21 | ||
| 952 | |a SNK |b SNK |y PREZ |7 0 |p 17A0374546 |o snkČSD 1907/9-10/2001-2002 D1 |i snkKSP 1809/2003 |0 0 |1 0 |4 0 |d 2003-02-10 |l 0 |r 2005-01-02 00:00:00 |w 2026-02-21 | ||
| 952 | |a SNK |b SNK |y PREZ |7 0 |p 17A0609521 |o snkČSD 1907/16/2008 |i snk2009/12248 |8 0 |z Venované 740. jubileu mesta Spišská Nová Ves |f 1 |0 0 |1 0 |4 0 |d 2009-07-01 |l 0 |r 2026-02-21 21:41:18 |w 2026-02-21 | ||
| 952 | |a SNK |b SNK |y PREZ |7 0 |p 17A0609522 |o snkČSD 1907/16/2008 D1 |i snk2009/12250 |8 0 |0 0 |1 0 |4 0 |d 2009-07-01 |l 0 |r 2026-02-21 21:41:18 |w 2026-02-21 | ||
| 952 | |a SNK |b SNK |y PREZ |7 0 |p 17A1324952 |o snkČSD 1907/25/2017 D1 |i snk2018/13585 |8 0 |0 0 |1 0 |4 0 |d 2018-06-25 |l 0 |r 2026-02-21 21:49:08 |w 2026-02-21 | ||
| 952 | |a SNK |b SNK |y PREZ |7 0 |p 17A1324953 |o snkČSD 1907/24/2016 |i snk2018/12885 |8 0 |f 1 |0 0 |1 0 |4 0 |d 2018-06-25 |l 0 |r 2026-02-21 21:49:08 |w 2026-02-21 | ||
| 952 | |a SNK |b SNK |y PREZ |7 0 |p 17A1324919 |o snkČSD 1907/25/2017 |i snk2018/11451 |8 0 |f 1 |0 0 |1 0 |4 0 |d 2018-05-24 |l 0 |r 2026-02-21 22:05:49 |w 2026-02-21 | ||
| 952 | |a SNK |b SNK |y PREZ |7 0 |p 17A1098764 |o snkČSD 1907/23/2015 |i snk2016/9453 |8 0 |f 1 |0 0 |1 0 |4 0 |d 2016-04-13 |l 0 |r 2026-02-21 22:09:36 |w 2026-02-21 | ||
| 952 | |a SNK |b SNK |y PREZ |7 0 |p 17A1098765 |o snkČSD 1907/23/2015 D1 |i snk2016/9458 |8 0 |0 0 |1 0 |4 0 |d 2016-04-13 |l 0 |r 2026-02-21 22:09:36 |w 2026-02-21 | ||
| 952 | |a SNK |b SNK |y PREZ |7 0 |p 17A0874455 |o snkČSD 1907/1/1993 |i snkKSP 2545/94 |f 1 |0 0 |1 0 |4 0 |d 2019-06-10 |l 0 |r 2026-02-21 22:14:23 |w 2026-02-21 | ||
| 952 | |a SNK |b SNK |y PREZ |7 0 |p 17A1365987 |o snkČSD 1907/26/2018 |i snk2019/16621 |8 0 |f 1 |0 0 |1 0 |4 0 |d 2019-06-19 |l 0 |r 2026-02-21 22:14:46 |w 2026-02-21 | ||
| 952 | |t 1 mapa |a SNK |b SNK |y PREZ |7 0 |p 17A1324954 |o snkČSD 1907/24/2016/príl. |i snk2018/12885 |8 0 |z Názov: Farnosti Spišského prepoštstva a spišské farnosti vyňaté z právomoci spišského prepošta v roku 1520 |f 1 |0 0 |1 0 |4 0 |d 2018-06-25 |l 0 |r 2026-02-21 22:17:44 |w 2026-02-21 | ||
| 952 | |t 1 mapa |a SNK |b SNK |y PREZ |7 0 |p 17A1324956 |o snkČSD 1907/24/2016/príl. D1 |i snk2018/12887 |8 0 |z Názov: Farnosti Spišského prepoštstva a spišské farnosti vyňaté z právomoci spišského prepošta v roku 1520 |0 0 |1 0 |4 0 |d 2018-06-25 |l 0 |r 2026-02-21 22:25:10 |w 2026-02-21 | ||
| 952 | |a SNK |b SNK |y PREZ |7 0 |p 17A1324955 |o snkČSD 1907/24/2016 D1 |i snk2018/12887 |8 0 |0 0 |1 0 |4 0 |d 2018-06-25 |l 0 |r 2026-02-21 22:25:10 |w 2026-02-21 | ||
| 952 | |t 1 |a SNK |b SNK |c SNK_KF |y PREZ |7 8 |p 17A1556606 |o snkČSD 1907/32/2024 |i snk2026/3487 |8 0 |0 0 |1 0 |2 udc |4 0 |d 2026-03-11 |l 0 |r 2026-03-11 14:36:41 |w 2026-03-11 | ||
| 952 | |t 2 |a SNK |b SNK |y PREZ |7 0 |p 17A1556607 |o snkČSD 1907/32/2024 D1 |i snk2026/3489 |8 0 |0 0 |1 0 |2 udc |4 0 |d 2026-03-11 |l 0 |r 2026-03-11 14:38:51 |w 2026-03-11 | ||


